[Event "Oceania zt"]
[Site "Fiji"]
[Date "2007.05.09"]
[Round "6"]
[White "Goundar, Sanmogam"]
[Black "Ong, Sterling"]
[Result "1-0"]
[WhiteElo "1955"]
[BlackElo "1456"]
[PlyCount "103"]
[EventDate "2007.05.06"]
[EventType "swiss"]
[EventRounds "9"]
[EventCountry "FIJ"]
[SourceTitle "EXT 2010"]
[Source "ChessBase"]
[SourceDate "2010.11.25"]
[SourceVersion "1"]
[SourceVersionDate "2010.11.25"]
[SourceQuality "1"]

1. d4 Nf6 2. Bf4 g6 3. Nf3 Bg7 4. e3 d6 5. Be2 Bg4 6. h3 Bxf3 7. Bxf3 c6 8. 0-0 0-0 9. c3 Nbd7 10. Nd2 Re8 11. e4 e5 12. Bh2 d5 13. exd5 Nxd5 14. Bxd5 cxd5 15. dxe5 Nxe5 16. Bxe5 Rxe5 17. Nf3 Re6 18. Qd2 Qd6 19. Rfd1 Rae8 20. Re1 Rxe1+ 21. Rxe1 Rxe1+ 22. Qxe1 Qb6 23. Qe8+ Bf8 24. Ne5 Qe6 25. Nd7 Qxe8 26. Nf6+ Kh8 27. Nxe8 Bh6 28. Nf6 Bc1 29. b3 Bb2 30. Nxd5 f5 31. Kf1 Kg7 32. Ke2 Kf7 33. Kd3 Bc1 34. a4 Bg5 35. c4 Ke6 36. b4 Bd8 37. Kd4 Kd6 38. c5+ Kd7 39. b5 h5 40. Nf4 a6 41. Nxg6 axb5 42. axb5 b6 43. Ne5+ Ke6 44. Ng6 Kf7 45. Nf4 bxc5+ 46. Kxc5 Kf6 47. Nd5+ Kg5 48. b6 Bxb6+ 49. Kxb6 f4 50. Kc5 f3 51. g3 Kf5 52. Kd4 1-0

[Event "Oceania zt"]
[Site "Fiji"]
[Date "2007.05.07"]
[Round "3"]
[White "Mendes da Costa, Alex"]
[Black "Ong, Sterling"]
[Result "1-0"]
[WhiteElo "2017"]
[BlackElo "1456"]
[PlyCount "57"]
[EventDate "2007.05.06"]
[EventType "swiss"]
[EventRounds "9"]
[EventCountry "FIJ"]
[SourceTitle "EXT 2010"]
[Source "ChessBase"]
[SourceDate "2010.11.25"]
[SourceVersion "1"]
[SourceVersionDate "2010.11.25"]
[SourceQuality "1"]

1. e4 e5 2. Nf3 Nc6 3. Bc4 h6 4. d4 exd4 5. Nxd4 Bc5 6. Bxf7+ Kxf7 7. Qh5+ g6 8. Qxc5 Nxd4 9. Qxd4 Nf6 10. Nc3 Qe7 11. 0-0 d6 12. f4 Re8 13. Re1 c5 14. Qe3 Ng4 15. Qf3 Qh4 16. Qg3 Qxg3 17. hxg3 h5 18. Nb5 Re7 19. Nxd6+ Kg7 20. Bd2 b6 21. Bc3+ Kh7 22. f5 gxf5 23. exf5 Rd7 24. Rad1 Rd8 25. Re7+ Kg8 26. f6 Rf8 27. Rg7+ Kh8 28. Nf7+ Rxf7 29. Rd8+ 1-0